000 01128nam a22003617a 4500
001 0000582
003 KOHA_MİRAKIL
005 20260207001215.0
007 ta
008 081212b2006 tu |||gr||||#0|||0|tur |
020 _a975295538X
_cYTL36,69
040 _aTR-BiSEU
_btur
_cTR-BiSEU
_erda
041 0 _atur
044 _ctu
050 _aQA76.9.V47
_bU97 2006
100 1 _aUysal, Mithat.
245 1 _aAccess 2003 ile veri tabanı yönetimi :
_bveri tabanı oluşturma, tablo, form, module, report oluşturma .../
_cMithat Uysal ; Mithat Uysal.
264 1 _aİstanbul :
_bBeta Yayınları
_c2006
300 _axii, 467 sayfa; 26 cm.
336 _ametin
_btxt
_2rdacontent
337 _aaracısız
_bn
_2rdamedia
338 _acilt
_bnc
_2rdacarrier
490 1 _aBeta ;
_vyayın no.
490 1 _a1645.
490 1 _aBilgisayar dizisi ;
_v255
650 0 _aVeri tabanı yönetimi.
_92774
650 0 _aMicrosoft Access (Bilgisayar kütügü).
_92874
830 1 _aBeta ;
_vyayın no.
_92823
830 1 _a1645.
_92875
830 1 _aBilgisayar dizisi ;
_v255
_92723
907 _aBilgisayar
942 _2lcc
_cBK
999 _c582
_d582